000 00316nam a22001097a 4500
082 _a330.95491
245 _aEconomic Survey 1998-1999
_cFinance Division, Govt of Pakistan
260 _aIslamabad
_bEconomic Advisor's Wing
_c1999
300 _a163p
942 _2ddc
_cBK
999 _c586405
_d586405